000 00252nam a2200109Ia 4500
008 190216s9999||||xx |||||||||||||| ||und||
100 _aGopinath
245 0 _aMalayalam-Kuruthikalam
260 _bTouring Book Stall
650 _aMalayalam
942 _cBK
999 _c25264
_d25264